Essentials of mental health nursing for Bsc and post basic nursing students (as per the syllabus of Indian nursing council)

Saved in:
Bibliographic Details
Main Author: SHARMA, Pawan
Format: Book
Language:English
Published: Jaypee Brothers Medical Publishers 2013
Tags: Add Tag
No Tags, Be the first to tag this record!

MARC

LEADER 00000nam a22000007a 4500
008 240528b |||||||| |||| 00| 0 eng d
020 |a 9789350902615 
100 |a SHARMA, Pawan 
245 |a Essentials of mental health nursing for Bsc and post basic nursing students (as per the syllabus of Indian nursing council)  |c Pawan Sharma  |g xii,368p. 
260 |b Jaypee Brothers Medical Publishers  |c 2013  |h New Delhi  |i 701044  |i 701045  |l RC440.Sh1  |m Psychiatric nursing  
500 |a It includes index 
942 |a lcc  |c BK  |e Adeyemo O.O  |f 28/05/2024 
952 |0 0  |1 0  |2 lcc  |4 0  |6 RC0440 S H1  |7 0  |9 5189  |a HE  |b HOL  |c QZ  |d 2024-05-28  |l 0  |o RC440.Sh1  |p 2024-0435  |r 2024-05-28 00:00:00  |t 701044  |w 2024-05-28  |y BK 
952 |0 0  |1 0  |2 lcc  |4 0  |6 RC0440 S H1  |7 0  |9 5190  |a HOL  |b HOL  |c QZ  |d 2024-05-28  |l 0  |o RC440.Sh1  |p 2024-0436  |r 2024-05-28 00:00:00  |t 701045  |w 2024-05-28  |y BK 
999 |c 2577  |d 2577